Statistiques concernant Elimination par catégorie - Géographie européenne

Cliquez ici pour prendre le quiz!

Statistiques générales

  • Ce quiz a été pris 41 411 fois
  • Le résultat moyen est 14 sur 20

Statistiques - réponses

Group#Category% Correct
Vert45Pays d'Europe
100%
Vert30... qui n'est pas enclavé
99%
Vert15... qui a une population inférieure à 6 millions d'habitants
95%
Vert9... qui fait partie de l'Union Européenne
86%
Jaune45Capitale européenne
86%
Jaune28... dont le nom contient la lettre "A"
85%
Bleu36... qui a du rouge dessus
81%
Bleu19... qui a du bleu dessus
80%
Bleu45Pays d'Europe (par drapeau)
80%
Rose90Pays ou Capitales d'Europe
77%
Bleu7... qui a trois rayures horizontales égales
75%
Rose37... avec 8 lettres ou plus dans son nom
75%
Jaune15... qui a une altitude moyenne supérieure à 100 mètres
73%
Jaune6... avec une population supérieure à 1 million d'habitants
67%
Rose15... qui est sur la côte
67%
Rose4... qui contient la lettre "S" dans son nom
47%
Vert1... et dont le nom ne se finit pas par E:Danemark
39%
Bleu1... et qui a un aigle dessus:Serbie
31%
Jaune1... et seulement 5 lettres dans son nom:Sofia
21%
Rose1... et se trouve à l'Est de Varsovie:Helsinki
13%

Distribution des résultats

Percentile par nombre de réponses

% des personnes avec chaque résultat

Votre développement - résultats

Vous n’avez pas pris ce quiz